LEADER 00614nam a2200169 i 4500 001 000000023144 003 CaOOAMICUS 005 20180830125446.0 008 180830s1943 it u000 u ita u 040 $aSeMil$bita 245 13$aIl rettorato di don Michele Rua. 300 $a2 v. 700 1 $aCeria, Eugenio.$0(OLS)http://semarc/name/10326 773 0 $aCeria, Eugenio$tAnnali della Società salesiana.$dTorino [etc.] : SEI, stampa 1941.$w()23143 774 0 $tDal 1888 al 1898.$gParte1$w()187434 774 0 $tDal 1899 al 1910.$gParte2$w()187435 996 $6245$aIl rettorato di don Michele Rua$9(OLS)http://semarc/title/31022 LEADER 01048nam a2200217 i 4500 001 000000105868 003 CaOOAMICUS 005 20020325000000.0 008 020325s1955 it u000 u fre u 013 $a78062 040 $aSeMil$bita 100 1 $aBonsirven, Joseph-Paul .$0(OLS)http://semarc/name/89150 245 10$aTextes rabbiniques des deux premiers siècles chrétiens pour servir à l'intelligence du Nouveau Testament /$cJoseph-Paul Bonsirven. 260 $aRoma :$bPontificio Istituto Biblico,$c1955. 300 $aXI, 804 p. ;$c25 cm. 650 4$aMidrash.$0(OLS)http://semarc/subject/8810 650 4$aTalmud - Traduzioni francesi.$0(OLS)http://semarc/subject/18416 850 $aSeMil 852 $aSeMil$W1$xVenegono$y1$m2Z V 8$j62023$B62023$CSeMilBibl$Z2$F71373 $81 996 $6245$aTextes rabbiniques des deux premiers siècles chrétiens pour servir à l'intelligence du Nouveau Testament$9(OLS)http://semarc/title/153357 996 $6260$aRoma :$bPontificio Istituto Biblico$9(OLS)http://semarc/publisher/30489